Online Catalogue and eLibrary

Liberalism : (Record no. 2517)

MARC details
000 -LEADER
fixed length control field 00229nam a2200097Ia 4500
008 - FIXED-LENGTH DATA ELEMENTS--GENERAL INFORMATION
fixed length control field 240331s9999 xx 000 0 und d
082 ## - DDC Classification
Item Number - Author Mark GRA
100 ## - MAIN ENTRY--PERSONAL NAME
Personal name Gray, J
245 #0 - TITLE STATEMENT
Title Liberalism :
Remainder of title essays in political philosophy
942 ## - Koha item type (Biblio)
Koha item type Books in Stacks (Lending)

No items available.

© WERC Library